Acteurs et actrices des années 1970 par images #2 - Statistiques

Statistiques générales
  • Ce quiz a été pris 126 fois
    107 depuis la dernière actualisation
  • Le résultat moyen est 9 sur 20
Statistiques - réponses
Par images Réponse % Correct
Pierre Richard
91%
Sylvester Stallone
90%
Jean Rochefort
89%
John Travolta
89%
Jane Birkin
81%
Yves Montand
77%
Olivia Newton-John
67%
Roger Moore
64%
Christopher Lee
41%
Geraldine Chaplin
31%
Michel Bouquet
31%
Jon Voight
29%
Diana Rigg
27%
Sissy Spacek
26%
Robert Duvall
21%
Goldie Hawn
19%
Ellen Burstyn
14%
Monica Vitti
13%
Glenda Jackson
11%
Tatum O'Neal
11%
Aucun quiz correspondant
Distribution des résultats
% des personnes avec chaque résultat
Percentile par nombre de réponses
Votre historique - résultats
Vous n’avez pas pris ce quiz depuis la dernière actualisation